00621cam a22001931 450000100060000000300080000600500170001400800410003103500190007204000380009104100080012908200260013710000300016324500630019326000490025630000340030550400490033965100390038878232BD-RjUL20211209083116.0230821s1948 enka b 001 0 eng  a(BD-RjUL)78458 aDLCcMHdOCoLCdDLCdBD-RjULbeng aeng04a330.947223bDOS 19481 aDobb, Mauriced1900-1976.10aSoviet Economic Development since 1917 /cby Maurice Dobb. aNew York :bInternational Publishers,c1948. avii, 515 p. :bill. ;c22 cm. aIncludes Bibliographical footnotes and index 0aSoviet UnionxEconomic conditions.